[Event "Moscow op-F 15th"]
[Site "Moscow"]
[Date "2019.01.27"]
[Round "3"]
[White "Thing, Bibek"]
[Black "Kuzub, Pavel"]
[Result "1-0"]
[WhiteElo "2264"]
[BlackElo "1976"]
[PlyCount "35"]
[EventDate "2019.01.25"]
[EventType "swiss"]
[EventRounds "9"]
[EventCountry "RUS"]
[SourceTitle "CBM 188 Extra"]
[Source "ChessBase"]
[SourceDate "2019.02.26"]
[SourceVersion "1"]
[SourceVersionDate "2019.02.26"]
[SourceQuality "1"]

1. e4 c5 2. c3 Nf6 3. e5 Nd5 4. g3 Nc6 5. Bg2 Nb6 6. Nf3 d5 7. exd6 Qxd6 8. 0-0 g6 9. Na3 Be6 10. d4 cxd4 11. Nb5 Qd7 12. Nfxd4 Bd5 13. Bf4 Rc8 14. Re1 Bxg2 15. Nd6+ Kd8 16. Nxf7+ Ke8 17. Nd6+ Kd8 18. Ne6+ 1-0

[Event "RUS-chT2"]
[Site "Sochi"]
[Date "2018.05.02"]
[Round "2.9"]
[White "Kuzub, Pavel"]
[Black "Sadovsky, Artem"]
[Result "0-1"]
[WhiteElo "2033"]
[BlackElo "2393"]
[PlyCount "88"]
[EventDate "2018.05.01"]
[EventType "team-swiss"]
[EventRounds "9"]
[EventCountry "RUS"]
[SourceTitle "CBM 184 Extra"]
[Source "ChessBase"]
[SourceDate "2018.06.28"]
[SourceVersion "1"]
[SourceVersionDate "2018.06.28"]
[SourceQuality "1"]
[WhiteTeam "Moscow Academy Kuzuba"]
[BlackTeam "Tula Region"]
[WhiteTeamCountry "RUS"]
[BlackTeamCountry "RUS"]

1. e4 c6 2. d4 d5 3. exd5 cxd5 4. c4 Nf6 5. Nc3 e6 6. Bg5 Bb4 7. Rc1 Nc6 8. Nf3 h6 9. Bxf6 Qxf6 10. a3 Bxc3+ 11. Rxc3 dxc4 12. Bxc4 0-0 13. 0-0 Rd8 14. Rd3 Bd7 15. b4 Rac8 16. Bb3 Ne7 17. a4 Bc6 18. Ne5 Be4 19. Re3 Bd5 20. Bc2 Nf5 21. Bxf5 Qxf5 22. Rg3 Rc7 23. Qd2 Kh7 24. Ng4 Be4 25. Ne3 Qf6 26. Ng4 Qxd4 27. Qf4 Re7 28. Rh3 Bf5 29. Qg5 Bxg4 30. Rh4 Qxb4 31. Rxg4 hxg5 32. Rxb4 Rd2 33. Rfb1 Rc7 34. g3 Rcc2 35. Rxb7 Rxf2 36. Rxa7 Rg2+ 37. Kf1 Rxh2 38. Kg1 Rcg2+ 39. Kf1 Rxg3 40. Rxf7 Ra3 41. Kg1 Re2 42. Ra7 g4 43. Kf1 Rc2 44. Re7 g3 0-1

[Event "Moscow op-F 14th"]
[Site "Moscow"]
[Date "2018.01.29"]
[Round "4"]
[White "Kuzub, Pavel"]
[Black "Shapkin, Anatoliy"]
[Result "0-1"]
[WhiteElo "2020"]
[BlackElo "2278"]
[PlyCount "112"]
[EventDate "2018.01.26"]
[EventType "swiss"]
[EventRounds "9"]
[EventCountry "RUS"]
[SourceTitle "CBM 182 Extra"]
[Source "ChessBase"]
[SourceDate "2018.02.23"]
[SourceVersion "1"]
[SourceVersionDate "2018.02.23"]
[SourceQuality "1"]

1. Nf3 Nf6 2. g3 g6 3. Bg2 Bg7 4. 0-0 0-0 5. d3 c5 6. Nbd2 d6 7. e4 Nc6 8. Re1 Nd7 9. Nb3 Rb8 10. c3 b5 11. d4 b4 12. Be3 bxc3 13. bxc3 Na5 14. Nfd2 Ba6 15. Nxa5 Qxa5 16. Nb3 Qa3 17. e5 c4 18. Bc6 Bb5 19. Bxd7 Bxd7 20. Nd2 d5 21. Qf3 Be6 22. Bg5 h6 23. Bf4 g5 24. Be3 Qxc3 25. Qh5 Qd3 26. h4 Qg6 27. Qxg6 fxg6 28. hxg5 h5 29. Nb1 Bf5 30. Nc3 e6 31. Bc1 Rf7 32. Ba3 Bf8 33. Bxf8 Kxf8 34. Re2 Bd3 35. Rd2 Rf5 36. f4 Rf7 37. Kf2 Bf5 38. Ke3 Rb4 39. Rh1 Rfb7 40. Rhh2 a5 41. Rdf2 a4 42. Kd2 a3 43. Kc1 Ke7 44. Re2 Kd7 45. Ref2 Kc6 46. Kd2 Kb6 47. Ke3 Ka5 48. Rd2 Rb2 49. Rhf2 Rxd2 50. Rxd2 Rb2 51. Ne2 Kb4 52. Nc1 c3 53. Re2 Kc4 54. Re1 Rd2 55. Ne2 Bg4 56. f5 Bxf5 0-1